<?xml version="1.0" encoding="UTF-8"?>
<record
    xmlns:xsi="http://www.w3.org/2001/XMLSchema-instance"
    xsi:schemaLocation="http://www.loc.gov/MARC21/slim http://www.loc.gov/standards/marcxml/schema/MARC21slim.xsd"
    xmlns="http://www.loc.gov/MARC21/slim">

  <leader>00896nam a22002777a 4500</leader>
  <controlfield tag="003">0</controlfield>
  <controlfield tag="005">20160609170401.0</controlfield>
  <controlfield tag="008">110107t        xxu||||| |||| 00| 0 eng d</controlfield>
  <datafield tag="037" ind1=" " ind2=" ">
    <subfield code="a">R16556</subfield>
    <subfield code="b">BIBLIO</subfield>
  </datafield>
  <datafield tag="040" ind1=" " ind2=" ">
    <subfield code="a">EPAC</subfield>
    <subfield code="b">F</subfield>
    <subfield code="c">BIBLIO</subfield>
  </datafield>
  <datafield tag="082" ind1=" " ind2=" ">
    <subfield code="a">26.APE/IDR</subfield>
  </datafield>
  <datafield tag="100" ind1=" " ind2=" ">
    <subfield code="a">Soul&#xE9; IDRISSOU</subfield>
    <subfield code="9">13704</subfield>
  </datafield>
  <datafield tag="245" ind1=" " ind2=" ">
    <subfield code="a">Impact du d&#xE9;veloppement de la culture du manioc dans la gestion des terres cultivables : cas du village de Siradou (commune de N'Dali)</subfield>
  </datafield>
  <datafield tag="250" ind1=" " ind2=" ">
    <subfield code="a">CAP</subfield>
  </datafield>
  <datafield tag="260" ind1=" " ind2=" ">
    <subfield code="a">EPAC</subfield>
    <subfield code="b">BIBLIO</subfield>
    <subfield code="c">2005-2006</subfield>
  </datafield>
  <datafield tag="300" ind1=" " ind2=" ">
    <subfield code="a">39p</subfield>
    <subfield code="b">ill. en coul</subfield>
    <subfield code="c">30cm</subfield>
  </datafield>
  <datafield tag="440" ind1=" " ind2=" ">
    <subfield code="n">5parties</subfield>
    <subfield code="9">13705</subfield>
  </datafield>
  <datafield tag="500" ind1=" " ind2=" ">
    <subfield code="a">Liste des acronymes et abr&#xE9;viations; bibliographie ; annexes</subfield>
  </datafield>
  <datafield tag="650" ind1=" " ind2=" ">
    <subfield code="a">MANIOC</subfield>
    <subfield code="9">13706</subfield>
  </datafield>
  <datafield tag="650" ind1=" " ind2=" ">
    <subfield code="a">GESTION DES TERRES</subfield>
    <subfield code="9">13707</subfield>
  </datafield>
  <datafield tag="650" ind1=" " ind2=" ">
    <subfield code="a">IMPACT</subfield>
    <subfield code="9">13708</subfield>
  </datafield>
  <datafield tag="650" ind1=" " ind2=" ">
    <subfield code="a">DEVELOPPEMENT</subfield>
    <subfield code="9">13709</subfield>
  </datafield>
  <datafield tag="700" ind1=" " ind2=" ">
    <subfield code="a">LOKOSSOU AMOUSSOU Fran&#xE7;ois</subfield>
    <subfield code="9">13710</subfield>
  </datafield>
  <datafield tag="700" ind1=" " ind2=" ">
    <subfield code="a">CHABI GANI Sarr&#xE8;</subfield>
    <subfield code="9">13711</subfield>
  </datafield>
  <datafield tag="942" ind1=" " ind2=" ">
    <subfield code="c">THE</subfield>
  </datafield>
  <datafield tag="999" ind1=" " ind2=" ">
    <subfield code="c">48856</subfield>
    <subfield code="d">48856</subfield>
  </datafield>
  <datafield tag="952" ind1=" " ind2=" ">
    <subfield code="0">0</subfield>
    <subfield code="1">0</subfield>
    <subfield code="4">0</subfield>
    <subfield code="7">0</subfield>
    <subfield code="a">BEPAC</subfield>
    <subfield code="b">BEPAC</subfield>
    <subfield code="d">2011-01-07</subfield>
    <subfield code="e">CAP</subfield>
    <subfield code="l">0</subfield>
    <subfield code="o">26.APE/IDR</subfield>
    <subfield code="p">16556EPAC</subfield>
    <subfield code="r">2011-01-07 00:00:00</subfield>
    <subfield code="t">3</subfield>
    <subfield code="w">2011-01-07</subfield>
    <subfield code="y">THE</subfield>
    <subfield code="z">Pr&#xEA;t &#xE0; domicile</subfield>
  </datafield>
</record>
